ARRUPE JESUIT UNIVERSITY

CORONAVIRUS -STOP THE SPREAD - CLEAN,DISINFECT,COVER

Contemporary debates in epistemology / (Record no. 131222)

MARC details
000 -LEADER
fixed length control field 01141cam a22003134a 4500
001 - CONTROL NUMBER
control field 13651321
003 - CONTROL NUMBER IDENTIFIER
control field ARRUPE
005 - DATE AND TIME OF LATEST TRANSACTION
control field 20220404093155.0
008 - FIXED-LENGTH DATA ELEMENTS--GENERAL INFORMATION
fixed length control field 040712s2005 mau b 001 0 eng
010 ## - LIBRARY OF CONGRESS CONTROL NUMBER
LC control number 2004016178
020 ## - INTERNATIONAL STANDARD BOOK NUMBER
International Standard Book Number 1405107383 (hardcover : alk. paper)
020 ## - INTERNATIONAL STANDARD BOOK NUMBER
International Standard Book Number 1405107391 (pbk. : alk. paper)
040 ## - CATALOGING SOURCE
Original cataloging agency DLC
Transcribing agency DLC
Modifying agency DLC
042 ## - AUTHENTICATION CODE
Authentication code pcc
050 00 - LIBRARY OF CONGRESS CALL NUMBER
Classification number BD161
Item number .C6545 2005
082 00 - DEWEY DECIMAL CLASSIFICATION NUMBER
Classification number 121
Edition number 22
300 ## - PHYSICAL DESCRIPTION
Dimensions 26 cm.
245 00 - TITLE STATEMENT
Title Contemporary debates in epistemology /
Statement of responsibility, etc edited by Matthias Steup and Ernest Sosa.
260 ## - PUBLICATION, DISTRIBUTION, ETC. (IMPRINT)
Place of publication, distribution, etc Malden, MA :
Name of publisher, distributor, etc Blackwell Pub.,
Date of publication, distribution, etc 2005.
300 ## - PHYSICAL DESCRIPTION
Extent x, 348 p. ;
440 #0 - SERIES STATEMENT/ADDED ENTRY--TITLE
Title Contemporary debates in philosophy ;
Volume number/sequential designation 3
9 (RLIN) 51163
504 ## - BIBLIOGRAPHY, ETC. NOTE
Bibliography, etc Includes bibliographical references and index.
650 #0 - SUBJECT ADDED ENTRY--TOPICAL TERM
Topical term or geographic name as entry element Knowledge, Theory of.
700 1# - ADDED ENTRY--PERSONAL NAME
Personal name Steup, Matthias.
9 (RLIN) 51164
700 1# - ADDED ENTRY--PERSONAL NAME
Personal name Sosa, Ernest.
9 (RLIN) 17009
856 41 - ELECTRONIC LOCATION AND ACCESS
Materials specified Table of contents
Uniform Resource Identifier <a href="http://www.loc.gov/catdir/toc/ecip0420/2004016178.html">http://www.loc.gov/catdir/toc/ecip0420/2004016178.html</a>
906 ## - LOCAL DATA ELEMENT F, LDF (RLIN)
a 7
b cbc
c orignew
d 1
e ecip
f 20
g y-gencatlg
942 ## - ADDED ENTRY ELEMENTS (KOHA)
Source of classification or shelving scheme Library of Congress Classification
Koha item type Monograph ( Printed materials)
Holdings
Withdrawn status Lost status Source of classification or shelving scheme Damaged status Not for loan Collection code Home library Current library Shelving location Date acquired Total Checkouts Full call number Barcode Date last seen Price effective from Koha item type
    Library of Congress Classification     Main Collection ARRUPE LIBRARY ARRUPE LIBRARY Main Collection 04/04/2022   BD161 .C6545 2005 46600008416 04/04/2022 04/04/2022 Monograph ( Printed materials)

 

Arrupe Library. PO Box MP320 Mt Pleasant, Harare, Zimbabwe
263 242 745411|librarian@aju.ac.zw